000 00767nam a2200253Ia 4500
003 OSt
005 20220928131354.0
006 a|||||r|||| 00| 0
007 ta
008 220927b |||||||| |||| 00| 0 eng d
020 _cINR 1495.00
024 _a133412
037 _b040, 06/03/2017, Excel Book International
_cTextual
040 _aSDCL
_cSDCL
_beng
041 _2eng
_aeng
082 _aD6,8(B),22:8, Q2
100 _aBarber David
_9477857
245 0 _aBayesian reasoning and machine learning
260 _aDelhi
_bCambridge University Press
_c2012
300 _axxiv,697p.
_ccm.
650 _aI I C
942 _hD6,8(B),22:8, Q2
_cTEXL
_2CC
999 _c790354
_d790354